La sociología en las profesiones /

Esta obra habla de que al sociólogo toca ayudar a la comprensión de los problemas sociales, a profesionistas de las más diversas disciplinas: Administración, Economía, Ciencia Política, Antropología, Psicología, Educación, Profesiones Medicina y Asistencia Social.

Shranjeno v:
Bibliografske podrobnosti
Glavni avtor: Lazarsfeld, Paul F. (compilación)
Drugi avtorji: Sewell, William H. (compilación) (compilación), Wilensky, H.L. (compilación) (compilación)
Format: Knjiga
Jezik:španščina
Izdano: Buenos Aires, Argentina : Paidós, 1971
Serija:(Biblioteca de Psicología y Sociología Aplicadas Paidós)
Teme:
Oznake: Označite
Brez oznak, prvi označite!

MARC

LEADER 00000nam^a2200000^a^4500
001 000000181
005 20250521000000.0
009 20260310083015.989
037 |a Acervo ITESO - Biblioteca 
041 |a ESP 
082 |a 306. 4  |b LAZ 
100 |a Lazarsfeld, Paul F.  |e (compilación) 
245 1 3 |a La sociología en las profesiones /  |c Comp. de P.F. Lazarsfeld...[et al.] ; tr. por Carlos Eduardo Saltzmann. 
264 1 |a Buenos Aires, Argentina :  |b Paidós,  |c 1971 
300 |a 231 p. 
336 |a texto  |b txt  |2 rdacontenido 
337 |a sin mediación  |b n  |2 rdamedio 
338 |a volumen  |b nc  |2 rdasoporte 
440 1 |a (Biblioteca de Psicología y Sociología Aplicadas Paidós) 
500 |a Traducción de: The Uses of Sociology 
520 |a Esta obra habla de que al sociólogo toca ayudar a la comprensión de los problemas sociales, a profesionistas de las más diversas disciplinas: Administración, Economía, Ciencia Política, Antropología, Psicología, Educación, Profesiones Medicina y Asistencia Social. 
649 |a XX 
650 |a Sociología 
650 |a Sociólogos 
650 |a Profesionistas 
700 |a Sewell, William H.  |e (compilación) 
700 |a Wilensky, H.L.  |e (compilación) 
910 |a Fondo General 
920 |a Impresos - Libros 
930 |a Colección General 
905 |a 101 
901 |a 0001810100  |b IT1  |c ACC  |i 000181  |u 20250521 
901 |a 0001810200  |b IT1  |c ACC  |i 900029  |u 20250521 
902 |a https://opac.biblio.iteso.mx/vufind/Record/000000181